Southville International School and Colleges
Your cart is empty.
  • Cart
  • Lists
    Public lists Eva Luna New books Lux_list list_1
    Your lists Log in to create your own lists
  • Log in to your account
  • Your cookies
  • Search history
Southville International School and Colleges
  • Advanced search
  • Recent comments
  • Most popular
  • Libraries

Log in to your account

Log in with GOOGLE


If you do not have an external account, but do have a local account, you can still log in:

  1. Home
  2. MARC view: An introduction to social psychology /
Normal view MARC view ISBD view

An introduction to social psychology / (Record no. 277380)

[ view plain ]
MARC details
000 -LEADER
fixed length control field 02387cam a2200349 a 4500
001 - CONTROL NUMBER
control field 17104021
003 - CONTROL NUMBER IDENTIFIER
control field PILC
005 - DATE AND TIME OF LATEST TRANSACTION
control field 20150204102451.0
008 - FIXED-LENGTH DATA ELEMENTS--GENERAL INFORMATION
fixed length control field 120104s2012 enka b 001 0 eng
010 ## - LIBRARY OF CONGRESS CONTROL NUMBER
LC control number 2012000110
020 ## - INTERNATIONAL STANDARD BOOK NUMBER
International Standard Book Number 9781444335446
050 00 - LIBRARY OF CONGRESS CALL NUMBER
Classification number HM 1033
Item number .In59 2012
245 03 - TITLE STATEMENT
Title An introduction to social psychology /
Statement of responsibility, etc edited by Miles Hewstone, Wolfgang Stroebe, Klaus Jonas.
250 ## - EDITION STATEMENT
Edition statement 5th ed.
260 ## - PUBLICATION, DISTRIBUTION, ETC. (IMPRINT)
Place of publication, distribution, etc Chichester, West Sussex :
Name of publisher, distributor, etc BPS Blackwell,
Date of publication, distribution, etc 2012.
300 ## - PHYSICAL DESCRIPTION
Extent xxvi, 640 pages :
Other physical details colored illustration ;
Dimensions 28 cm.
490 0# - SERIES STATEMENT
Series statement BPS textbooks in psychology
500 ## - GENERAL NOTE
General note "The British Psychological Society."
504 ## - BIBLIOGRAPHY, ETC. NOTE
Bibliography, etc Includes bibliographical references (p. [537]-600) and indexes.
505 8# - FORMATTED CONTENTS NOTE
Formatted contents note Machine generated contents note: 1. Introducing Social Psychology 2. Research Methods 3. Social Perception and Attribution 4. Social Cognition 5. The Self 6. Attitudes: Content, Structure and Functions 7. Strategies of Attitude and Behaviour Change 8. Social Influence 9. Aggression 10. Prososcial Behaviour 11. Affiliation, Attraction and Close Relationships 12. The Psychology of Groups: Basic Principles 13. Group Performance and Leadership 14. Prejudice and Intergroup Relations 15. Cultural Social Psychology.
520 ## - SUMMARY, ETC.
Summary, etc "The fifth edition of this highly successful text, An Introduction to Social Psychology has been fully revised and updated. Accessibility for students has been improved, including better illustrations, greater use of colour and a more approachable format, as well as a wealth of online resources. Combining its traditional academic rigour with a contemporary level of cohesion, accessibility, pedagogy and instructor support, the fifth edition of An Introduction to Social Psychology provides the definitive treatment of social psychology"--
520 ## - SUMMARY, ETC.
Summary, etc "The fifth edition of Introduction to Social Psychology provides the definitive treatment of social psychology"--
650 #0 - SUBJECT ADDED ENTRY--TOPICAL TERM
Topical term or geographic name as entry element Social psychology.
650 #0 - SUBJECT ADDED ENTRY--TOPICAL TERM
Topical term or geographic name as entry element Social psychology
Geographic subdivision Europe.
650 #7 - SUBJECT ADDED ENTRY--TOPICAL TERM
Topical term or geographic name as entry element PSYCHOLOGY / Social Psychology.
Source of heading or term bisacsh
700 1# - ADDED ENTRY--PERSONAL NAME
Personal name Hewstone, Miles.
700 1# - ADDED ENTRY--PERSONAL NAME
Personal name Stroebe, Wolfgang.
700 1# - ADDED ENTRY--PERSONAL NAME
Personal name Jonas, Klaus.
856 42 - ELECTRONIC LOCATION AND ACCESS
Materials specified Cover image
Uniform Resource Identifier <a href="http://catalogimages.wiley.com/images/db/jimages/9781444335446.jpg">http://catalogimages.wiley.com/images/db/jimages/9781444335446.jpg</a>
942 ## - ADDED ENTRY ELEMENTS (KOHA)
Source of classification or shelving scheme Library of Congress Classification
Koha item type Books
Holdings
Withdrawn status Lost status Source of classification or shelving scheme Damaged status Home library Current library Shelving location Date acquired Source of acquisition Total Checkouts Full call number Barcode Date last seen Price effective from Koha item type
    Library of Congress Classification   College Library College Library Reserve Section 01/22/2015 Library Fund   HM 1033 .In59 2012 C19083 05/15/2018 01/22/2015 Books

An introduction to social psychology /

APA

Hewstone M., Stroebe W. & Jonas K. (2012). An introduction to social psychology. Chichester, West Sussex: BPS Blackwell.

Chicago

Hewstone Miles, Stroebe Wolfgang and Jonas Klaus. 2012. An introduction to social psychology. Chichester, West Sussex: BPS Blackwell.

Harvard

Hewstone M., Stroebe W. and Jonas K. (2012). An introduction to social psychology. Chichester, West Sussex: BPS Blackwell.

MLA

Hewstone Miles, Stroebe Wolfgang and Jonas Klaus. An introduction to social psychology. Chichester, West Sussex: BPS Blackwell. 2012.

  • Place hold
  • Print
  • Cite
  • Add to your cart (remove)
  • Save record
    BIBTEX Dublin Core MARCXML MARC (non-Unicode/MARC-8) MARC (Unicode/UTF-8) MARC (Unicode/UTF-8, Standard) MODS (XML) RIS
  • More searches
    Search for this title in:
    Other Libraries (WorldCat) Other Databases (Google Scholar) Online Stores (Bookfinder.com) Open Library (openlibrary.org)

Exporting to Dublin Core...

SOUTHVILLE LIBRARY

Southville International School and Colleges Library

1281 Tropical Ave. Cor. Luxembourg St., BF Homes International, Las Pinas City

Tel. No. 8256374 / 252358 Loc. 117/146

Powered by Koha